Detalles MARC
| 000 -CABECERA |
| campo de control de longitud fija |
02051cam a2200313 i 4500 |
| 001 - NÚMERO DE CONTROL |
| campo de control |
13578 |
| 003 - IDENTIFICADOR DEL NÚMERO DE CONTROL |
| campo de control |
DO-SdUEMH |
| 005 - FECHA Y HORA DE LA ÚLTIMA TRANSACCIÓN |
| campo de control |
20260217170706.0 |
| 007 - CAMPO FIJO DE DESCRIPCIÓN FÍSICA--INFORMACIÓN GENERAL |
| campo de control de longitud fija |
ta |
| 008 - DATOS DE LONGITUD FIJA--INFORMACIÓN GENERAL |
| campo de control de longitud fija |
211106s2006 dr a gr 001 0 spa d |
| 020 ## - NÚMERO INTERNACIONAL ESTÁNDAR DEL LIBRO |
| Número Internacional Estándar del Libro |
9993490644 |
| 040 ## - FUENTE DE LA CATALOGACIÓN |
| Centro catalogador/agencia de origen |
DO-SdUEMH |
| Lengua de catalogación |
spa |
| Normas de descripción |
rda |
| 041 ## - CÓDIGO DE LENGUA |
| Código de lengua del texto/banda sonora o título independiente |
spa |
| 082 14 - NÚMERO DE LA CLASIFICACIÓN DECIMAL DEWEY |
| Colección |
Colección Dominicana |
| Número de documento/Ítem |
G241f |
| 100 ## - ENTRADA PRINCIPAL--NOMBRE DE PERSONA |
| Nombre de persona |
Garrido de Boggs, Edna |
| Término indicativo de función/relación |
asesora |
| 245 10 - MENCIÓN DE TÍTULO |
| Título |
Folklore infantil de santo domingo / |
| Mención de responsabilidad, etc. |
Edna Garrido de Bogs ; Colaboradores: Crawford Seeger, Ruth Gaston, Gloria ; prólogo: Eleanor Grimaldi Silié |
| 260 ## - PUBLICACIÓN, DISTRIBUCIÓN, ETC. |
| Place of publication, distribution, etc. |
Santo Domingo: Colección Clásico de Bibliófilos, 2004. |
| 264 01 - PRODUCCIÓN, PUBLICACIÓN, DISTRIBUCIÓN, FABRICACIÓN Y COPYRIGHT |
| Lugar de producción, publicación, distribución, fabricación |
Santo Domingo : |
| Nombre del de productor, editor, distribuidor, fabricante |
Sociedad Dominicana de Bibliófilos, |
| Fecha de producción, publicación, distribución, fabricación o copyright |
2004 |
| 300 ## - DESCRIPCIÓN FÍSICA |
| Extensión |
xix, 663 páginas : |
| Otras características físicas |
ilustraciones ; |
| Dimensiones |
22 cm. |
| 336 ## - TIPO DE CONTENIDO |
| Fuente |
rdacontent |
| Término de tipo de contenido |
texto |
| Código de tipo de contenido |
txt |
| 337 ## - TIPO DE MEDIO |
| Fuente |
rdamedia |
| Nombre del tipo de medio |
sin mediación |
| Código del tipo de medio |
n |
| 338 ## - TIPO DE SOPORTE |
| Fuente |
rdacarrier |
| Nombre del tipo de soporte |
volumen |
| Código del tipo de soporte |
nc |
| 490 ## - MENCIÓN DE SERIE |
| Mención de serie |
Colección de Clásicos Bibliófilos ; |
| Designación de volumen o secuencia |
8 |
| 504 ## - NOTA DE BIBLIOGRAFÍA, ETC. |
| Nota de bibliografía, etc. |
Bibliografías en página 637 |
| 505 2# - NOTA DE CONTENIDO CON FORMATO |
| Nota de contenido con formato |
La canción folclórica -- Canción de Navidad -- El villancico -- Canción de mayo -- Infantiles y misceláneas -- Canción de amor -- Piropos y declaraciones -- Canciones de tristeza -- Canciones de desprecio -- Jocosas y humorísticas -- Desafío y jactancia -- Canciones de odio -- Romances y romancillos -- Juegos -- El juego cantado para entretener al bebé -- Juegos que se juegan en círculo -- Juegos que se juegan en semicírculo -- Juegos que se juegan en hileras -- Juegos que se juegan entre dos -- Juegos de esconder -- Juegos que se juegan en carreras -- Juegos que se juegan con las manos -- Juegos que se juegan empleando algún objeto -- Juegos que se juegan con figuras en el suelo -- Juegos que se juegan en el agua -- Miscelánea -- Fórmulas y convenios -- Bromas y burlas -- Rimas -- Rimas de diversas clases -- Rimas para contar los dedos -- Rimas de las doce palabras -- Rezos de niños -- Parodias -- Trabalenguas -- Cuentos -- Adivinanzas -- Creencias -- Bibliografía. |
| 650 ## - PUNTO DE ACCESO ADICIONAL DE MATERIA--TÉRMINO DE MATERIA |
| Término de materia o nombre geográfico como elemento de entrada |
CULTURA DOMINICANA |
| 942 ## - ELEMENTOS DE PUNTO DE ACCESO ADICIONAL (KOHA) |
| Código de la institución [OBSOLETO] |
BK |
| Fuente del sistema de clasificación o colocación |
Dewey Decimal Classification |
| Tipo de ítem Koha |
Libro |
| Suprimir en OPAC |
No |